Quizzes
Events
Quiz Creation
Community
Videos
Private Events
Remove Ads
Sign In
Join for FREE
Feedback
Dark Mode
Quiz Categories
Sports
Geography
Music
Movies
Television
Just For Fun
Miscellaneous
History
Literature
Language
Science
Gaming
Entertainment
Religion
Holiday
For Kids
Quiz Lab
Recent
Popular Today
Quiz Kudos Today
Editor Picks
Curator Picks
Quizzes by...
Day
Popularity
Type
Ratings
Length
Year
Community
Subscriptions
Recent Discussions
Orange Saloon
Badges
Playlists
Quests
Create
Leaderboards
Showdown
Live 5
Trivia Bingo
Activity
Puzzle Library
Sporcle Events
Private Events
Virtual Trivia
Globe League
Become a Host
Pub Owners
SporcleCon
Opinionation
Our Games
Videos
Blog
Mobile Apps
Partnerships
Remove Ads and Go Orange
Feedback
Sports
Athletes
MLB
NBA
NHL
NFL
Soccer
Sports Teams
WWE
NCAA
Football
Premier League
Basketball
Baseball
Hockey
Golf
Tennis
Cricket
Rugby
Auto Racing
Olympics
World Cup
Sports
Athletes
MLB
NBA
NHL
NFL
Soccer
Sports Teams
WWE
NCAA
Football
Premier League
Basketball
Baseball
Hockey
Golf
Tennis
Cricket
Rugby
Auto Racing
Olympics
World Cup
Random Quiz
Search Sporcle
×
Quiz Lab
Quiz Lab
Sports
NBA
Type in answers that appear in a list
Type in answers that appear in a list
Classic
Best Score? Go Orange.
SI's Top 100 NBA Players of 2020 Quiz Stats
Can you name the Sports Illustrated's top 100 NBA players of 2020? (MADE FOR KOT4Q)
By
markopopovik
12m
100 Questions
1,484 Plays
1,484 Plays
1,484 Plays
Comments
Comments
Give Quiz Kudos
Give Quiz Kudos
-
- Ratings
hide this ad
Forced Order
Answers have to be entered in order
Answers have to be entered in order
Replay
Link that replays current quiz
Next Quiz
Link to next quiz in quiz playlist
You Got
0%
They Got
Avg Score
63%
Avg Friend Score
Upgrade to see
Score Distribution
Jump to the score distribution portion of the page
Score
0/100
Timer
12:00
0
Plays Today
Team
Player
% Correct
LA Lakers
LeBron James
98.2%
Houston Rockets
James Harden
98.2%
LA Lakers
Anthony Davis
98.1%
Golden State Warriors
Stephen Curry
98%
LA Clippers
Kawhi Leonard
97.9%
Philadelphia 76ers
Joel Embiid
97.6%
Denver Nuggets
Nikola Jokic
97.4%
LA Clippers
Paul George
97.3%
Portland Trail Blazers
Damian Lillard
97.2%
Houston Rockets
Russell Westbrook
97%
Miami Heat
Jimmy Butler
96.8%
Minnesota Timberwolves
Karl-Anthony Towns
96.7%
Brooklyn Nets
Kyrie Irving
96.4%
Utah Jazz
Rudy Gobert
95.9%
Milwaukee Bucks
Giannis Antetokounmpo
94.9%
Golden State Warriors
Draymond Green
93.4%
San Antonio Spurs
LaMarcus Aldridge
93.1%
Detroit Pistons
Blake Griffin
92%
Washington Wizards
Bradley Beal
91.8%
Boston Celtics
Kemba Walker
91.7%
Oklahoma City Thunder
Chris Paul
91.6%
Philadelphia 76ers
Ben Simmons
90.2%
Toronto Raptors
Pascal Siakam
89.7%
Milwaukee Bucks
Khris Middleton
88.6%
Dallas Mavericks
Luka Doncic
88.4%
Toronto Raptors
Kyle Lowry
88.1%
Phoenix Suns
Devin Booker
88%
Boston Celtics
Jayson Tatum
87.1%
Sacramento Kings
De'Aaron Fox
87.1%
San Antonio Spurs
DeMar DeRozan
87.1%
Philadelphia 76ers
Al Horford
86.5%
Utah Jazz
Donovan Mitchell
86.4%
Denver Nuggets
Jamal Murray
86.3%
Cleveland Cavaliers
Kevin Love
86.1%
Team
Player
% Correct
Portland Trail Blazers
CJ McCollum
86.1%
Indiana Pacers
Victor Oladipo
85.9%
Detroit Pistons
Andre Drummond
85.8%
New Orleans Pelicans
Jrue Holiday
85.8%
Dallas Mavericks
Kristaps Porzingis
85.5%
Oklahoma City Thunder
Steven Adams
83.2%
Utah Jazz
Mike Conley
81.7%
Orlando Magic
Nikola Vucevic
80.6%
Toronto Raptors
Marc Gasol
80.1%
Golden State Warriors
D'Angelo Russell
79.8%
Milwaukee Bucks
Eric Bledsoe
78.5%
Indiana Pacers
Myles Turner
76.5%
Philadelphia 76ers
Tobias Harris
74%
Atlanta Hawks
John Collins
73.8%
Denver Nuggets
Paul Millsap
72%
Houston Rockets
Clint Capela
71.5%
LA Clippers
Lou Williams
71.1%
Sacramento Kings
Buddy Hield
70.6%
Denver Nuggets
Gary Harris
69.7%
Atlanta Hawks
Trae Young
64.5%
Oklahoma City Thunder
Danilo Gallinari
61.2%
Orlando Magic
Aaron Gordon
59.6%
Golden State Warriors
Klay Thompson
57.2%
Houston Rockets
Eric Gordon
56.3%
Utah Jazz
Bojan Bogdanovic
55.6%
Milwaukee Bucks
Brook Lopez
55.2%
Boston Celtics
Jaylen Brown
53.6%
Boston Celtics
Gordon Hayward
52.7%
Indiana Pacers
Malcolm Brogdon
48.9%
New Orleans Pelicans
Derrick Favors
47.4%
Utah Jazz
Joe Ingles
45.9%
Brooklyn Nets
Caris Levert
45.3%
Chicago Bulls
Otto Porter
43.7%
New York Knicks
Julius Randle
43.4%
Team
Player
% Correct
Portland Trail Blazers
Jusuf Nurkic
43.3%
LA Clippers
Montrezl Harrell
42.7%
Philadelphia 76ers
Josh Richardson
42.3%
Houston Rockets
P.J. Tucker
41.4%
Minnesota Timberwolves
Robert Covington
40.1%
Phoenix Suns
Ricky Rubio
39.9%
Chicago Bulls
Lauri Markkanen
39.2%
New Orleans Pelicans
JJ Redick
36.4%
Chicago Bulls
Zach Lavine
36.2%
Memphis Grizzlies
Jaren Jackson Jr.
34.5%
New Orleans Pelicans
Brandon Ingram
34.2%
Boston Celtics
Marcus Smart
34.1%
LA Clippers
Patrick Beverley
33.6%
Toronto Raptors
Serge Ibaka
33.2%
Indiana Pacers
Domantas Sabonis
33%
Sacramento Kings
Harrison Barnes
31.5%
LA Lakers
Danny Green
25.4%
San Antonio Spurs
Derrick White
24.7%
Minnesota Timberwolves
Jeff Teague
23.3%
Minnesota Timberwolves
Andrew Wiggins
23.1%
Brooklyn Nets
Spencer Dinwiddie
21.6%
Chicago Bulls
Thaddeus Young
21.6%
LA Lakers
Kyle Kuzma
21%
Memphis Grizzlies
Jonas Valanciunas
19.9%
Miami Heat
Bam Adebayo
19.7%
San Antonio Spurs
Dejounte Murray
19.5%
Brooklyn Nets
Jarrett Allen
19.1%
Brooklyn Nets
DeAndre Jordan
16.6%
Brooklyn Nets
Joe Harris
15%
Memphis Grizzlies
Andre Iguodala
13.1%
Orlando Magic
Al-Farouq Aminu
10.7%
Orlando Magic
Terrence Ross
10.7%
Quiz Playlist
Details
Report
Send in Message
Add To Playlist
Classic:
Type in answers that appear in a list
Forced Order:
Answers have to be entered in order
Last Updated: Sep 12, 2019
Quiz Scoreboard
CHALLENGE
Sign Up to Join the Scoreboard
Show All
Scores
Hide
Comments
May contain spoilers
Recently Published
Billboard Blitz: Fleetwood Mac
by CooCooCachoo
Music
15s
Presidents Visiting Landmarks
by Hejman
History
7m
An Introduction to Baseball
by treessimontrees
Sports
5m
More to Explore
Quiz From the Vault
Featured Blog Post
Where Did the Easter Bunny Come From?
hide this ad
You Might Also Like...
Tags
NBA Quiz
100
2020
Illustrated
KOT4Q
Player
Sports Illustrated
team
Today's Top Quizzes in Sports
Browse Sports
hide this ad
Today's Top Quizzes in NBA
Browse NBA
Top Contributed Quizzes in Sports
1
Les meilleurs buteurs des matchs entre le PSG et l’OM
2
2022 World Cup Stars
3
FIFA Club World Cup Champions
4
Les entraîneurs de l'OM et du PSG au 21e siècle
5
Criteria MLB: Left Handed Sluggers
6
AFC Teams Reveal (Wrong Answers Minefield)
7
5-to-1: UK Sports Teams
8
Name the Premier League winners with different clubs
9
5-to-1: FBS Animal Nicknames
10
Players with Multiple 50 Home Run Seasons
Explore More
Trending Topics
Harry Potter
Crossword
NBA
Disney
Marvel
Anime
Kpop
Pokémon
Country
Song
The Office
NFL
Puzzle
WWE
Soccer
hide this ad
More By:
markopopovik
Quiz
Plays
Rating
Category
Featured
Created
Guess the NBA player by the emoji
229,156
2.76
Sports
Jun 3, 2017
Higher or lower? NBA edition
93,780
2.11
Sports
Jun 7, 2017
NBA 2K18 Ratings Top 10
26,163
4.68
Sports
Aug 30, 2017
Quick Pick: Animals on NBA Logos
23,020
4.50
Just For Fun
Mar 1, 2018
LONGEST NBA CHAIN QUIZ EVER!! 200 QUESTIONS!!
20,573
3.29
Sports
Jul 18, 2017
Go to Creator's Profile
Score Distribution
Quiz Creator Spotlight
markopopovik
Follow
Send a Message
Quizzes Created
-
Created Quiz Play Count
-
More By This Creator
Popular Quizzes Today
1
Find the US States - No Outlines Minefield
2
Find the Countries of Europe - No Outlines Minefield
3
The Countries of the World
4
Find the US States
5
Risky Map Clicking: Biggest States A-Z
6
US States
7
Popular People in 1961
8
Movies - When Are They Set?
More Sports Quizzes
One Thing in Common: Sportspeople
Quiz Lab
Trending Quizzes
Risky Map Clicking: Least Populous States A-Z
1-10 Letter G Words
1-10 Letter F Words
Risky Map Clicking: Next State Alphabetically
Click the Washington State Counties! (Map)
Recently Updated
Leaping Animals
pecheneg
Reality TV Shows (A-Z)
bhenderson79
Rickey Henderson's Hall of Fame Teammates
pecheneg
Champions League XIs: Arsenal
pecheneg
Quick Pick: Celebrities in WWE's Hall of Fame
aduchscher
A-Z Keypad Blitz II
pecheneg
Multiple Oscar Actors
pecheneg
Mystery Phrase Blitz: Oscar 'Best Actors'
pecheneg
F. Scott Fitzgerald Novels
LTH
Pick 3 Villains
ddd62291
Trending Topics
Marvel
Crossword
Kpop
NBA
Anime
Disney
Harry Potter
Puzzle
The Office
Pokémon
WWE
Soccer
Song
Country
NFL
Your Account Isn't Verified!
In order to create a playlist on Sporcle, you need to verify the email address you used during registration. Go to your
Sporcle Settings
to finish the process.
Report this User
Report this user for behavior that violates our
Community Guidelines
.
Details:
Send Report
Go to the Sporcle.com Mobile Site →
Comments